000 01322cam a22003977a 4500
999 _c27925
_d27925
001 11873556
003 OSt
005 20201125103035.0
008 991001s1999 ii 000 1 malo
010 _a 99939891
020 _a8171309496 (jacket)
025 _aI-Mal-99-939891; 11
035 _a(DLC) 99939891
037 _bLibrary of Congress -- New Delhi Field Office
_cRs225.00
040 _aDLC
_coclc
_dDLC
041 1 _amal
_heng
042 _alcode
050 0 0 _aMLCSA 2000/01569
_aPR9499.3
082 _a894.8123
_bRAO/T
100 _aRao, P V Narasimha
_d1921-2004.
_96920
240 1 0 _aInsider.
_lMalayalam
245 1 0 _aThe Insider /
_cP V Narasimha Rao
260 _aKottayam :
_bḌi. Si. Buks :
_bDistributors, Current Books,
_c1999.
300 _a759 p. ;
_c22 cm.
440 0 _aRajatajūbili granthāvali ;
_v23
500 _aNovel.
520 _aSet against the contemporary political situation in India.
546 _aIn Malayalam.
650 0 _aPoliticians
_vFiction.
650 0 _aPolitical corruption
_vFiction.
651 0 _aIndia
_vFiction.
700 1 _aGōpālakr̥ṣṇan, En.,
_d1934-
906 _a7
_bcbc
_corigode
_d4
_encip
_f19
_gy-gencatlg
942 _2ddc
_cBK
_h894.8123
_iRAO/T
_k894.8123
_mRAO/T